000 00644nam a2200217 4500
003 OSt
005 20240611020752.0
006 a
008 240611b |||||||| |||| 00| 0 eng d
020 _a9789814392976
040 _aDWCL-Main lib.
_cOC
082 _2fifth edition
_aCirc. 005.13 M251j 2012
100 _aMalik, D.S.
245 _aJava programming : from problem analysis to program design /
260 _aSingapore :
_bCengage Learning Asia,
_cc2012.
300 _b1009 p. : ill. ;
_c23 cm.
504 _aIncludes index.
650 _a1. Java (Computer program language).
700 _aD.S. Malik
942 _2ddc
_n0
_cBK-CIRC
_kCirc.
999 _c506
_d506